00533nam a2200193Ia 4500008004100000041001200041082001200053100004400065245004100109260003800150300000800188365000700196520001400203546001200217630004100229650001400270655001400284730004100298101110s9999 xx 000 0 und d aENGLISH bSR28546 aLaxmeshwar N.B., Malushte S.M. & others aConcepts in physical chemistry SYBSc c2003bChetana Publication, Mumbai a170 b65 aChemistry aENGLISH aConcepts in physical chemistry SYBSc aChemistry aChemistry aConcepts in physical chemistry SYBSc